Normal view
MARC view
- GRINTER, L.E
Entry Personal Name
001 - CONTROL NUMBER
- control field: 39474
003 - CONTROL NUMBER IDENTIFIER
- control field: NUST
005 - DATE AND TIME OF LATEST TRANSACTION
- control field: 20210314131444.0
008 - FIXED-LENGTH DATA ELEMENTS
- fixed length control field: 210314|| aca||aabn | a|a d
040 ## - CATALOGING SOURCE
- Original cataloging agency: NUST
- Transcribing agency: NUST
100 ## - HEADING--PERSONAL NAME
- Personal name: GRINTER, L.E
670 ## - SOURCE DATA FOUND
- Source citation: Work cat.: (NUST): GRINTER, L.E, Numerical methods of analysis in engineering (successive corrections), 1949.
